| 000 | 01244nam a2200277 4500 | ||
|---|---|---|---|
| 003 | MN-UlNLM | ||
| 005 | 20250121170836.0 | ||
| 008 | 250121s2017 cc ||||| |||| 00| 0 chi d | ||
| 020 | _a9787109225220 | ||
| 040 |
_aUB01000001 _bmon _cMN-UlNLM _dMN-UlNLM _eRDA |
||
| 041 | 0 |
_achn _aMB |
|
| 043 | _aa-cc--- | ||
| 084 | _2NNA | ||
| 100 | 1 |
_a熊本海等著 _eзохиогч |
|
| 245 | 1 |
_a猪实体解剖学图谱 _b动物疫病防控出版工程二 |
|
| 246 | 1 |
_aᠭᠠᠬᠠᠢ ᠶ᠋ᠢᠨ ᠠᠨᠠᠲ᠋ᠤᠮᠢ ᠶ᠋ᠢᠨ ᠪᠣᠳᠠᠲᠤ ᠵᠢᠷᠤᠭ _iхавтас дээр монгол бичгээр бичсэн |
|
| 264 | 1 |
_b中国农业出版社 _c2017 |
|
| 300 |
_a330 хуудастай _bанатомийн гэрэл зурагтай _c27 см |
||
| 504 | _aИндекстэй (Хуудас 295-329) Ном зүйтэй (330) | ||
| 505 |
_t课题组组长 -- _t课题组副组长 -- _t课题组成员 |
||
| 650 | 4 | _aүхэрийн анатомийн зурагт толь | |
| 650 | 4 | _aхятадын хөдөө аж ахуй | |
| 880 | 1 |
_6245-01(N _aZhū shítǐ jiěpōu xué túpǔ _bDòngwù yìbìng fáng kòng chūbǎn gōngchéng èr |
|
| 880 | 1 |
_6264-02(N _b中国农业出版社 _c2017 |
|
| 942 |
_2NNA _cBK |
||
| 999 |
_c1155169 _d1155226 |
||